• 首页
  • 本馆介绍
  • 公告通知
  • 最新文献
  • 馆藏检索
  • 电子资源
  • 读者导购
  • 参考咨询
  • 我的图书馆
  • 登录
  • 详细信息显示
  • 放入我的书架
  • 预约/预借图书
  • 作者相关作品
  • 分类相关作品
  • 丛书相关作品
  • 出版社相关作品

书目信息

  • 表格格式
  • 工作单格式
  • 卡片格式
书名: The pharmacological basis of therapeutics
作者: editors, Louis S. Goodman, Alfred Gilman ; associate editors, Alfred G. Gilman, George B. Koelle.
分册号:
分册名:
出版地: New York :
 
出版社: Macmillan Pub. Co
出版时间: c1975.
页数: xvi, 1704 p. :
开本: 26 cm.
丛书名:
中图分类号:
科图分类号:
其他分类号: R453
主题词:
电子资源:
000 01038nam a2200325 a 4500
001 E0755753301
003 CAL
005 20070713153126.10
008 750513s1975 nyua b 001 0 eng
010    @a 75015903
020    @a0023447818.
040    @aDLC@cDLC@dMXC
050 0  @aRM101@b.G63 1975
060 1  @aQV 4 G653p 1975
082    @a615/.7
090    @aR453
093    @aR453@23
099    @dR453@ex84=5
245 04 @aThe pharmacological basis of therapeutics / @ceditors, Louis S. Goodman, Alfred Gilman ; associate editors, Alfred G. Gilman, George B. Koelle.
250    @a5th ed.
260    @aNew York :@bMacmillan Pub. Co. ;@aToronto :@bCollier Macmillan Canada ;@aLondon :@bBailliere Tindall,@cc1975.
300    @axvi, 1704 p. :@bill. ;@c26 cm.
504    @aIncludes bibliographical references and index.
650  2 @aDrug Therapy.
650  0 @aPharmacology.
650  0 @aChemotherapy.
700 1  @aGoodman, Louis Sanford,@d1906-
700 1  @aGilman, Alfred,@d1908-
920    @a231030@z2
998    @aSJT
    
    The pharmacological basis of therapeutics / / editors, Louis S. Goodman, Alfred Gilman ; associate editors, Alfred G. Gilman, George B. Koelle.-5th ed.-New York : : Macmillan Pub. Co. ; ; Toronto : : Collier Macmillan Canada ; ; London : : Bailliere Tindall, , c1975.
    xvi, 1704 p. : : ill. ; ; 26 cm.
    Includes bibliographical references and index.
    
    ISBN 0023447818.
    
●
相关链接 在E读中查询图书 在五车中查询图书 在当当中查询图书 在豆瓣中查询图书


正题名:pharmacological basis of therapeutics     索取号:R453/x84=5         预约/预借

序号 登录号 条形码 馆藏地/架位号 状态 备注
1 0013217   300132176   第二样本阅览室/ [索取号:R453/x84=5] 在馆    
唐山师范学院图书馆 欢迎您!
大连网信软件有限公司© 版权所有